| 000 | 01053cam a2200337 4500 | ||
|---|---|---|---|
| 008 | 090401t1996 xxu||||| |||| 00| 0 eng d | ||
| 020 | _a1860120504 | ||
| 035 | _a(Sirsi) u57644 | ||
| 041 | _aeng | ||
| 050 | _a336.21 | ||
| 100 | _aMcCluskey, W.J. | ||
| 245 | _aUniform business rate : a practical guide. | ||
| 250 | _a2nd ed. | ||
| 260 |
_aCroydon _bTolley _c1996 |
||
| 300 | _axxii,168p. ; 23cm. | ||
| 350 | _a29.95 | ||
| 520 | _aA comprehensive guide incorporating the latest developments in this area. Includes sections on Valuation Tribunals and appeals and transitional relief regulations as well as specimen forms and calculations. | ||
| 650 | _aLANDS TRIBUNAL | ||
| 650 | _aNON-DOMESTIC RATING | ||
| 650 | _aRATEABLE VALUE | ||
| 650 | _aRATING LISTS | ||
| 650 | _aRATING | ||
| 650 | _aTRANSITIONAL ARRANGEMENTS | ||
| 650 | _aUNIFORM BUSINESS RATE | ||
| 650 | _aUNOCCUPIED PROPERTY | ||
| 650 | _aVALUATION TRIBUNALS | ||
| 690 | _aRATING AND VALUATION | ||
| 700 | _aMoss, P.J. | ||
| 942 | _n0 | ||
| 948 | _c04/03/1997 | ||
| 999 |
_c93955 _d93955 |
||